000 00660nam a22001932i 4500
001 157194
003 ES-MaACL
005 20250821063055.0
008 921201s1888 sp |||| | spa d
040 _aCAT
_bspa
_cCAT
_dCCPB
080 4 _a860-31"18"
100 1 _aLastra y Jado, Valentín,
_dm. 1893
_9128729
245 1 0 _aPepe rey
_b: novela contemporánea /
_cprecedida de una carta de Mariano de Cavia.
260 _aMadrid :
_b[s.n.],
_c1888 (
_fImprenta de Juan Iniesta y Lorenzo)
300 _a272 p. ;
_c20 cm.
700 1 _aCavia, Mariano de,
_d1855-1920
_epr.
_937196
852 _aES-MaACL
_jD-627
_z-- Rúst.
999 _c157194
_d157194